New Zealand Arts Foundation Icon Award Winners - Statistics

General Stats
  • This quiz has been taken 2 times
  • The average score is 18 of 38
Answer Stats
field icon % Correct
photographer Ans W{estra}
100%
painter Billy A{pple}
100%
weaver Diggeress Te {Kanawa}
100%
film maker Geoff M{urphy}
100%
poet Hone T{uwhare}
100%
writer Janet F{rame}
100%
opera singer Kiri Te {Kanawa}
100%
writer Margaret M{ahy}
100%
writer Maurice G{ee}
100%
film maker Peter J{ackson}
100%
painter Ralph H{otere}
100%
writer/poet Albert W{endt}
50%
poet Bill M{anhire}
50%
opera singer Donald M{cIntyre}
50%
painter Don P{eebles}
50%
actor/director Don S{elwyn}
50%
composer Gillian W{hitehead}
50%
sculptor Greer T{wiss}
50%
architect Ian A{thfield}
50%
composer Jack B{ody}
50%
potter Len C{astle}
50%
photographer Marti F{riedlander}
50%
painter Milan M{rkusich}
50%
writer Patricia G{race}
50%
ballet Alexander G{rant}
0%
sculptor Arnold Manaaki W{ilson}
0%
writer Barbara A{nderson}
0%
painter/carver Cliff W{hiting}
0%
opera pioneer Donald M{unro}
0%
sculptor Fred G{raham}
0%
concert organist Gillian W{eir}
0%
painter/writer Jacqueline F{ahey}
0%
painter Jim A{llen}
0%
architect Miles W{arren}
0%
carver Pakariki H{arrison}
0%
musician Peter G{odfrey}
0%
theatre design Raymond B{oyce}
0%
choreographer Russell K{err}
0%
No matching quizzes found
Score Distribution
Percent of People with Each Score
Percentile by Number Answered
Your Score History
You have not taken this quiz